[Event "NOR-ch Seniors-A"]
[Site "Oslo"]
[Date "2015.07.04"]
[Round "1"]
[White "Nygaard, Eddy"]
[Black "Ruud, Svein E"]
[Result "1-0"]
[WhiteElo "1759"]
[BlackElo "1416"]
[PlyCount "51"]
[EventDate "2015.07.04"]
[EventType "swiss"]
[EventRounds "9"]
[EventCountry "NOR"]
[SourceTitle "EXT 2017"]
[Source "ChessBase"]
[SourceDate "2016.10.25"]
[SourceVersion "1"]
[SourceVersionDate "2016.10.25"]
[SourceQuality "1"]

1. d4 Nf6 2. c4 e6 3. Nf3 b6 4. e3 Bb4+ 5. Bd2 Bxd2+ 6. Nbxd2 Bb7 7. Bd3 c5 8. 0-0 d5 9. Rc1 Ne4 10. cxd5 Nxd2 11. Qxd2 exd5 12. Bb5+ Bc6 13. Bxc6+ Nxc6 14. dxc5 0-0 15. cxb6 Qxb6 16. Qxd5 Nb4 17. Qb3 Qa5 18. Rc4 Rab8 19. a3 Nd5 20. Qc2 Qa6 21. Rc1 Qb7 22. b4 Qe7 23. Kh1 Rfd8 24. Nd4 Qf6 25. Nc6 Rbc8 26. Nxd8 1-0

[Event "Oslo op-B"]
[Site "Oslo"]
[Date "2014.09.28"]
[Round "4"]
[White "Merkesvik, Amalie Isabel"]
[Black "Ruud, Svein E"]
[Result "0-1"]
[WhiteElo "1530"]
[BlackElo "1798"]
[PlyCount "48"]
[EventDate "2014.09.28"]
[EventType "swiss"]
[EventRounds "9"]
[EventCountry "NOR"]
[SourceTitle "EXT 2017"]
[Source "ChessBase"]
[SourceDate "2016.10.25"]
[SourceVersion "1"]
[SourceVersionDate "2016.10.25"]
[SourceQuality "1"]

1. e4 d6 2. Nf3 Nf6 3. Nc3 g6 4. d3 Bg7 5. h3 0-0 6. Be3 c6 7. Qd2 b5 8. 0-0-0 b4 9. Nb1 a5 10. Be2 Na6 11. Nh4 Be6 12. f4 Bxa2 13. f5 b3 14. c3 Bxb1 15. Kxb1 a4 16. fxg6 fxg6 17. Bh6 e6 18. Bxg7 Kxg7 19. g4 a3 20. Nf5+ exf5 21. gxf5 gxf5 22. Qg5+ Kh8 23. Rhg1 Ra7 24. exf5 axb2 0-1

[Event "EU-ch Seniors 65 14th"]
[Site "Porto"]
[Date "2014.03.09"]
[Round "1"]
[White "Ruud, Svein E"]
[Black "Grinberg, Iosif P"]
[Result "0-1"]
[WhiteElo "1862"]
[BlackElo "2146"]
[PlyCount "90"]
[EventDate "2014.03.09"]
[EventType "swiss"]
[EventRounds "9"]
[EventCountry "POR"]
[SourceTitle "CBM 159 Extra"]
[Source "ChessBase"]
[SourceDate "2014.04.24"]
[SourceVersion "1"]
[SourceVersionDate "2014.04.24"]
[SourceQuality "1"]

1. d4 d5 2. Nf3 c6 3. c4 e6 4. Nc3 Nd7 5. Bf4 dxc4 6. a4 Bb4 7. e3 Nb6 8. Qc2 Nd5 9. Bg3 Qa5 10. Rc1 b5 11. axb5 cxb5 12. Be2 Ngf6 13. 0-0 0-0 14. Ra1 Qb6 15. Na2 Be7 16. h3 Bb7 17. Bh4 Nd7 18. Bxe7 Nxe7 19. b3 cxb3 20. Qxb3 a6 21. Qd3 h6 22. e4 Rad8 23. Qe3 Nf6 24. Bd3 Ng6 25. Rfd1 e5 26. d5 Qd6 27. g3 Bc8 28. Kg2 Nh5 29. Rh1 f5 30. Kf1 f4 31. gxf4 Ngxf4 32. Rb1 Bxh3+ 33. Rxh3 Nxh3 34. Rb2 N5f4 35. Nb4 Qg6 36. Nc6 Qg2+ 37. Ke1 Nxd3+ 38. Qxd3 Rxf3 39. Qf1 Qxf1+ 40. Kxf1 Rdf8 41. Ne7+ Kh7 42. Nf5 Ng5 43. Kg2 Rc3 44. f4 Nxe4 45. Re2 exf4 0-1

[Event "NOR-ch Seniors-A"]
[Site "Lillehammer"]
[Date "2013.07.03"]
[Round "6"]
[White "Ruud, Svein E"]
[Black "Henrichsen, Erland"]
[Result "0-1"]
[WhiteElo "1986"]
[BlackElo "1960"]
[PlyCount "48"]
[EventDate "2013.06.29"]
[EventType "swiss"]
[EventRounds "9"]
[EventCountry "NOR"]
[SourceTitle "EXT 2014"]
[Source "ChessBase"]
[SourceDate "2013.11.20"]
[SourceVersion "1"]
[SourceVersionDate "2013.11.20"]
[SourceQuality "1"]

1. d4 Nf6 2. c4 e6 3. Nf3 b6 4. a3 Be7 5. Nc3 Bb7 6. e3 0-0 7. Bd3 d5 8. cxd5 exd5 9. Bb1 Nbd7 10. h4 Re8 11. 0-0 Ne4 12. g3 Bd6 13. Nxe4 dxe4 14. Nd2 Re6 15. Ba2 Rg6 16. h5 Rg5 17. g4 Rxh5 18. f4 Rh3 19. g5 Nf8 20. Nc4 Qd7 21. Ne5 Bxe5 22. dxe5 Rg3+ 23. Kf2 Rf3+ 24. Ke1 Rxf1+ 0-1

[Event "Stjernen Autumn"]
[Site "Oslo"]
[Date "2010.09.14"]
[Round "2"]
[White "Ruud, Svein E"]
[Black "Grotnes, Nils Ragnar"]
[Result "0-1"]
[WhiteElo "1464"]
[BlackElo "2162"]
[PlyCount "64"]
[EventDate "2010.09.07"]
[EventType "swiss"]
[EventRounds "9"]
[EventCountry "NOR"]
[SourceTitle "EXT 2024"]
[Source "ChessBase"]
[SourceDate "2023.10.10"]
[SourceVersion "1"]
[SourceVersionDate "2023.10.10"]
[SourceQuality "1"]

1. d4 Nf6 2. c4 e6 3. Nf3 Bb4+ 4. Bd2 Be7 5. Nc3 d5 6. h3 0-0 7. Bf4 c5 8. e3 Nc6 9. Be2 dxc4 10. Bxc4 cxd4 11. exd4 a6 12. a3 b5 13. Ba2 b4 14. axb4 Nxb4 15. Bb1 Bb7 16. 0-0 Qb6 17. Ne5 Rfd8 18. Be3 Rac8 19. Qe2 Nbd5 20. Na4 Qb4 21. Bd2 Qxd4 22. Nf3 Nf4 23. Nxd4 Nxe2+ 24. Nxe2 Rxd2 25. Nec3 Rcd8 26. b3 Kf8 27. Ra2 R2d4 28. Bc2 Nd5 29. Nxd5 R8xd5 30. Nb6 Rg5 31. g3 Bc5 32. Nc4 Rxc4 0-1